| Tag |
First Indicator |
Second Indicator |
Subfields |
| LEADER |
00000cmm a22000007a 4500 |
| 001 |
in00001403550 |
| 005 |
20151020052201.0 |
| 008 |
970731s1997 dcu u f eng d |
| 010 |
|
|
|a gp 97066321
|
| 035 |
|
|
|a (OCoLC)37390509
|
| 035 |
|
|
|9 AHM3126AM
|
| 040 |
|
|
|a GPO
|c GPO
|d DLC
|d MvI
|d UtOrBLW
|
| 074 |
|
|
|a 0535-A-03 (online)
|
| 086 |
0 |
|
|a FT 1.32:97024501
|
| 245 |
0 |
0 |
|a Grandparents as caregivers.
|
| 264 |
|
1 |
|a [Washington, D.C.] :
|b U.S. Dept. of Health and Human Services,
|c [1997]
|
| 336 |
|
|
|a computer program
|b cop
|2 rdacontent
|
| 337 |
|
|
|a computer
|b c
|2 rdamedia
|
| 338 |
|
|
|a unspecified
|b zu
|2 rdacarrier
|
| 538 |
|
|
|a Mode of access: Internet from the Dept. of Health and Human Services web site.
|
| 500 |
|
|
|a Title from title screen.
|
| 500 |
|
|
|a Electronic resource.
|
| 650 |
|
0 |
|a Grandparenting
|z United States.
|
| 650 |
|
0 |
|a Grandparents as parents
|z United States.
|
| 710 |
1 |
|
|a United States.
|b Department of Health and Human Services.
|
| 856 |
7 |
|
|u http://www.aoa.dhhs.gov/may97/grandparents.html
|2 http
|t 0
|
| 999 |
|
|
|a MARS
|
| 999 |
f |
f |
|s c1290a94-4159-37be-8c34-e57a5e8adb2c
|i 5ea3c8c6-e368-34f5-9992-d30f0d65d0ec
|t 0
|
| 952 |
f |
f |
|a Texas A&M University
|b College Station
|c Electronic Resources
|d Available Online
|t 0
|e FT 1.32:97024501
|h Superintendent of Documents classification
|
| 998 |
f |
f |
|a FT 1.32:97024501
|t 0
|l Available Online
|